Vplyv žíhania na elektrické a optické vlastnosti naprašovaných tenkých vrstiev ZnO:Al

Saved in:
Bibliographic Details
Main Author: Spodniak, Martin (Author)
Other Authors: Flickyngerová, Soňa, 1981- (Thesis advisor), Novotný, Ivan, 1950- (Thesis advisor)
Format: Manuscript Book
Language:Slovak
Published: Bratislava : STU v Bratislave FEI, 2008
Subjects:
Tags: Add Tag
No Tags, Be the first to tag this record!

MARC

LEADER 00000ntm a22000003a 4500
001 stu179608
005 20160719165124.1
008 090210s2008------------------------slo-d
040 |a STU  |b slo 
041 0 |a slo 
100 1 |a Spodniak, Martin  |4 aut 
245 1 |a Vplyv žíhania na elektrické a optické vlastnosti naprašovaných tenkých vrstiev ZnO:Al 
260 |a Bratislava :  |b STU v Bratislave FEI,  |c 2008 
300 |a 70 s 
650 7 |a elektronika  |2 stusub 
650 7 |a Mikroelektronika  |2 stusub 
700 1 |a Flickyngerová, Soňa,  |d 1981-  |4 ths  |u E030  |U FEI Fakulta elektrotechniky a informatiky  |T FEI Ústav elektroniky a fotoniky  |U E030  |Y 549 
700 1 |a Novotný, Ivan,  |d 1950-  |4 ths  |u E030  |U FEI Fakulta elektrotechniky a informatiky  |T FEI Ústav elektroniky a fotoniky  |X 2104  |U E030  |Y 549  |7 A000002104